Přehled sociologických šetření CSVŠ 1991-2008

Sociologické šetrenia Centra pre štúdium vysokého školstva (CSVŠ). Prehľad jednotlivých šetrení Analýza a závery.

Enregistré dans:
Détails bibliographiques
Auteur principal: Pabian, Petr
Autres auteurs: Provázková, Karla
Format: Chapitre de livre
Langue:tchèque
Sujets:
Tags: Ajouter un tag
Pas de tags, Soyez le premier à ajouter un tag!

MARC

LEADER 00000naa$a2200000$$$4500
001 0090257
005 20230919104913.5
041 0 |a cze 
044 |a CZ 
245 1 0 |a Přehled sociologických šetření CSVŠ 1991-2008  |c Petr Pabian, Karla Provázková 
520 |a Sociologické šetrenia Centra pre štúdium vysokého školstva (CSVŠ). Prehľad jednotlivých šetrení Analýza a závery. 
610 2 0 |a školy vysoké 
610 2 0 |a dotazníky 
610 2 0 |a zamestnanosť 
610 2 0 |a študenti 
100 1 |a Pabian, Petr 
700 1 |a Provázková, Karla